| 000 | 00726nam a22002177a 4500 | ||
|---|---|---|---|
| 008 | 131010b xxu||||| |||| 00| 0 alb d | ||
| 020 | _a9951130070 | ||
| 041 | 0 | _aalb | |
| 080 |
_a021.1:007 _x(496.51) |
||
| 100 | _aMiftari, Vehbi | ||
| 245 | 1 | 0 |
_aBibliotekat në Kosovë dhe qasja në informata / _cVehbi Miftari. |
| 260 |
_aPrishtinë : _bBiblioteka Kombëtare dhe Universitare e Kosovës ; _c2004 |
||
| 300 |
_a93 f. ; _c21 cm. |
||
| 500 | _aBibliografia : f. 91 - 92 | ||
| 500 | _aNë kopertinë shënime për autorin | ||
| 650 |
_aBibliotekat _zKosovë |
||
| 650 |
_aInformacioni bibliotekar _zKosovë |
||
| 650 |
_aInformacioni elektronik _xOrganizimi |
||
| 650 |
_aBiblioteka dhe lexuesi _zKosovë |
||
| 942 |
_2udc _cBK |
||
| 999 |
_c85 _d85 |
||